Original SNL Cast Quiz Stats

 Plays Quiz Updated Feb 25, 2015

Score 0/7 Timer 02:00
0 Plays Today
% Correct
Chevy Chase
89.8%
John Belushi
86.7%
Dan Aykroyd
79%
Gilda Radner
73.9%
Jane Curtin
66.1%
Garrett Morris
47.6%
Laraine Newman
38.8%

You're not logged in!

Compare scores with friends on all Sporcle quizzes.
OR
Log In

Sporcle TV

Today on Sporcle TV


Watch our educational content, quiz creation guides, and fun videos on Sporcle TV.

Show Comments

Extras

Top Quizzes Today


Score Distribution

Your Account Isn't Verified!

In order to create a playlist on Sporcle, you need to verify the email address you used during registration. Go to your Sporcle Settings to finish the process.

Report this User

Report this user for behavior that violates our Community Guidelines.

Details: